书目信息 |
| 题名: |
新日本语能力测试N1应用读解指导与实践
|
|
| 作者: | 陈太勇 编著 | |
| 分册: | ||
| 出版信息: | 大连 大连理工大学出版社 2013 |
|
| 页数: | 236页 | |
| 开本: | 26cm | |
| 丛书名: | ||
| 单 册: | ||
| 中图分类: | H360.41 | |
| 科图分类: | ||
| 主题词: | 日语--ri yu--阅读教学--水平考试--自学参考资料 | |
| 电子资源: | ||
| ISBN: | 978-7-5611-7853-9 | |
| 000 | 00814nam 2200229 450 | |
| 001 | 340431 | |
| 005 | 20150625151752.12 | |
| 010 | @a978-7-5611-7853-9@dCNY32.00 | |
| 100 | @a20130904d2013 ekmy0chiy50 ea | |
| 101 | 0 | @achi@ajpn |
| 102 | @aCN@b210000 | |
| 105 | @aak z 000yy | |
| 106 | @ar | |
| 200 | 1 | @a新日本语能力测试N1应用读解指导与实践@Axin ri ben yu neng li ce shi N1 ying yong du jie zhi dao yu shi jian@f陈太勇编著 |
| 210 | @a大连@c大连理工大学出版社@d2013 | |
| 215 | @a236页@c图@d26cm | |
| 330 | @a本书选用了在实际生活中人们经常使用的各类文书: 广告、招聘启事、通知、说明书、各类表格、海报、告示、公告等。 | |
| 606 | 0 | @a日语@Ari yu@x阅读教学@x水平考试@j自学参考资料 |
| 690 | @aH360.41@v5 | |
| 701 | 0 | @a陈太勇@Achen tai yong@4编著 |
| 801 | 0 | @aCN@b卓展宏图@c20150525 |
| 905 | @dH360.41@e532@f4 | |
| 新日本语能力测试N1应用读解指导与实践/陈太勇编著 .-大连:大连理工大学出版社,2013 |
| 236页:图;26cm |
| ISBN 978-7-5611-7853-9:CNY32.00 |
| 本书选用了在实际生活中人们经常使用的各类文书: 广告、招聘启事、通知、说明书、各类表格、海报、告示、公告等。 |
| ● |
| 相关链接 |
|
|
|
|
正题名:新日本语能力测试N1应用读解指导与实践
索取号:H360.41/532
 
预约/预借
| 序号 | 登录号 | 条形码 | 馆藏地/架位号 | 状态 | 备注 |
| 1 | 865645 | 208656453 | 第二样本阅览室/ [索取号:H360.41/532] | 在馆 | |
| 2 | 865646 | 208656462 | 第四借阅区/ [索取号:H360.41/532] | 在馆 | |
| 3 | 865647 | 208656471 | 第四借阅区/ [索取号:H360.41/532] | 在馆 | |
| 4 | 865648 | 208656480 | 第四借阅区/ [索取号:H360.41/532] | 在馆 |